Normal view
MARC view
- Zemansky ,Mark .W
Entry Personal Name
001 - CONTROL NUMBER
- control field: 123308
003 - CONTROL NUMBER IDENTIFIER
- control field: NUST
005 - DATE AND TIME OF LATEST TRANSACTION
- control field: 20240606123546.0
008 - FIXED-LENGTH DATA ELEMENTS
- fixed length control field: 240606|| aca||aabn | a|a d
040 ## - CATALOGING SOURCE
- Original cataloging agency: NUST
- Transcribing agency: NUST
100 ## - HEADING--PERSONAL NAME
- Personal name: Zemansky ,Mark .W
670 ## - SOURCE DATA FOUND
- Source citation: Work cat.: (NUST): Zemansky ,Mark .W, Heat and Thermodynamics ,, 2007 .
